MARC details
| 000 -LEADER |
| fixed length control field |
03051cam a2200373 i 4500 |
| 001 - CONTROL NUMBER |
| control field |
909329020 |
| 003 - CONTROL NUMBER IDENTIFIER |
| control field |
OCoLC |
| 005 - DATE AND TIME OF LATEST TRANSACTION |
| control field |
20190110110648.0 |
| 008 - FIXED-LENGTH DATA ELEMENTS--GENERAL INFORMATION |
| fixed length control field |
150720s2015 ilu b 001 0 eng |
| 010 ## - LIBRARY OF CONGRESS CONTROL NUMBER |
| LC control number |
2015027322 |
| 020 ## - INTERNATIONAL STANDARD BOOK NUMBER |
| International Standard Book Number |
9780830840915 (pbk. : alk. paper) |
| 020 ## - INTERNATIONAL STANDARD BOOK NUMBER |
| International Standard Book Number |
0830840915 (pbk. : alk. paper) |
| 035 ## - SYSTEM CONTROL NUMBER |
| System control number |
(OCoLC)909329020 |
| 040 ## - CATALOGING SOURCE |
| Original cataloging agency |
DLC |
| Language of cataloging |
eng |
| Description conventions |
rda |
| Transcribing agency |
DLC |
| Modifying agency |
YDX |
| -- |
BTCTA |
| -- |
YDXCP |
| -- |
OCLCF |
| -- |
DTM |
| -- |
TLE |
| -- |
CDX |
| -- |
SGB |
| -- |
BDX |
| -- |
ZCU |
| 042 ## - AUTHENTICATION CODE |
| Authentication code |
pcc |
| 050 00 - LIBRARY OF CONGRESS CALL NUMBER |
| Classification number |
BS2650.52 |
| Item number |
.R43 2015 |
| 082 00 - DEWEY DECIMAL CLASSIFICATION NUMBER |
| Classification number |
227 |
| Edition number |
23 |
| Item number |
A425R |
| 092 ## - LOCALLY ASSIGNED DEWEY CALL NUMBER (OCLC) |
| Classification number |
227.6 |
| Item number |
R25a |
| 245 00 - TITLE STATEMENT |
| Title |
Reformation readings of Paul : |
| Remainder of title |
explorations in history and exegesis / |
| Statement of responsibility, etc. |
edited by Michael Allen and Jonathan A. Linebaugh. |
| 264 #1 - PRODUCTION, PUBLICATION, DISTRIBUTION, MANUFACTURE, AND COPYRIGHT NOTICE |
| Place of production, publication, distribution, manufacture |
Downers Grove, Illinois : |
| Name of producer, publisher, distributor, manufacturer |
InterVarsity Press, |
| Date of production, publication, distribution, manufacture, or copyright notice |
[2015] |
| 300 ## - PHYSICAL DESCRIPTION |
| Extent |
279 pages ; |
| Dimensions |
23 cm |
| 336 ## - CONTENT TYPE |
| Content type term |
text |
| Content type code |
txt |
| Source |
rdacontent |
| 337 ## - MEDIA TYPE |
| Media type term |
unmediated |
| Media type code |
n |
| Source |
rdamedia |
| 338 ## - CARRIER TYPE |
| Carrier type term |
volume |
| Carrier type code |
nc |
| Source |
rdacarrier |
| 504 ## - BIBLIOGRAPHY, ETC. NOTE |
| Bibliography, etc. note |
Includes bibliographical references and index. |
| 505 0# - FORMATTED CONTENTS NOTE |
| Formatted contents note |
Martin Luther's reading of Galatians / David C. Fink -- The text of Galatians and the theology of Luther / John M.G. Barclay -- Philipp Melanchthon's reading of Romans / Robert Kolb -- The text of Romans and the theology of Melanchthon / Mark Seifrid -- Martin Bucer's reading of Ephesians / Brian Lugioyo -- The text of Ephesians and the theology of Bucer / Wesley Hill -- John Calvin's reading of the Corinthian epistles / Michael Allen -- The text of 1 & 2 Corinthians and the theology of Calvin / Dane C. Ortlund -- Thomas Cranmer's reading of Paul's letters / Ashley Null -- The texts of Paul and the theology of Cranmer / Jonathan A. Linebaugh -- In conclusion : the story of Reformation readings / Gerald Bray. |
| 520 ## - SUMMARY, ETC. |
| Summary, etc. |
Did the Protestant Reformers understand Paul correctly? Has the church today been unduly influenced by Reformation-era misreadings of the Pauline epistles? These questions - especially as they pertain to Martin Luther's interpretation of the Pauline doctrine of justification - have been at the forefront of much discussion within biblical studies and theology in light of the New Perspective on Paul. But that leads to another question: Have we understood the Reformers correctly? With that in mind, these essays seek to enable a more careful reading of the Reformers' exegesis of Pauline texts. Each chapter pairs a Reformer with a Pauline letter and then brings together a historical theologian and a biblical scholar to examine these Reformation-era readings of Paul. In doing so, this volume seeks a better understanding of the Reformers and the true meaning of the biblical text. --Publishers |
| 630 00 - SUBJECT ADDED ENTRY--UNIFORM TITLE |
| Uniform title |
Bible. |
| Name of part/section of a work |
Epistles of Paul |
| General subdivision |
Criticism, interpretation, etc. |
| -- |
History |
| Chronological subdivision |
Modern period, 1500- |
| 655 #7 - INDEX TERM--GENRE/FORM |
| Genre/form data or focus term |
Criticism, interpretation, etc. |
| Source of term |
fast |
| Authority record control number or standard number |
(OCoLC)fst01411635. |
| 655 #7 - INDEX TERM--GENRE/FORM |
| Genre/form data or focus term |
History. |
| Source of term |
fast |
| Authority record control number or standard number |
(OCoLC)fst01411628. |
| 700 1# - ADDED ENTRY--PERSONAL NAME |
| Personal name |
Allen, R. Michael, |
| Relator term |
editor. |
| 776 08 - ADDITIONAL PHYSICAL FORM ENTRY |
| Relationship information |
Online version: |
| Title |
Reformation readings of Paul |
| Place, publisher, and date of publication |
Downers Grove : InterVarsity Press, 2015 |
| International Standard Book Number |
9780830899098 |
| Record control number |
(DLC) 2015028873. |
| 942 ## - ADDED ENTRY ELEMENTS (KOHA) |
| Source of classification or shelving scheme |
Dewey Decimal Classification |
| Koha item type |
Books |